[Event "FRA-ch Blitz Online Qual"]
[Site "Europe Echecs INT"]
[Date "2020.05.16"]
[Round "2"]
[White "Barbot, Pierre"]
[Black "Zniber, Reda"]
[Result "1-0"]
[WhiteElo "2443"]
[BlackElo "1986"]
[PlyCount "69"]
[EventDate "2020.05.16"]
[EventType "swiss (blitz)"]
[EventRounds "15"]
[EventCountry "FRA"]
[SourceTitle "CBM 196 Extra"]
[Source "ChessBase"]
[SourceDate "2020.07.31"]
[SourceVersion "1"]
[SourceVersionDate "2020.07.31"]
[SourceQuality "1"]

1. d4 d5 2. c4 e6 3. Nc3 Nf6 4. Nf3 Be7 5. Bg5 0-0 6. e3 Nbd7 7. Rc1 a6 8. c5 c6 9. Bd3 Re8 10. b4 b6 11. 0-0 a5 12. b5 bxc5 13. bxc6 Nb8 14. Bb5 Qc7 15. Bf4 Qa7 16. dxc5 Ba6 17. Bd6 Rc8 18. c7 Bxd6 19. cxd6 Nbd7 20. Qa4 Nc5 21. Qf4 Qb6 22. Rb1 Bxb5 23. Nxb5 Ra6 24. Rfc1 Nfe4 25. Ne5 Nxd6 26. Nxd6 Qxd6 27. Qxf7+ Kh8 28. f4 Ra7 29. Qh5 Qe7 30. Ng6+ Kg8 31. Nxe7+ Kf8 32. Qe5 Kxe7 33. Rxc5 Kf7 34. Rbc1 Rb7 35. Rc6 1-0

[Event "Angers op 14th"]
[Site "Angers"]
[Date "2019.05.31"]
[Round "1"]
[White "Zniber, Reda"]
[Black "Demuth, Adrien"]
[Result "0-1"]
[WhiteElo "1990"]
[BlackElo "2517"]
[PlyCount "54"]
[EventDate "2019.05.31"]
[EventType "swiss"]
[EventRounds "6"]
[EventCountry "FRA"]
[SourceTitle "CBM 190 Extra"]
[Source "ChessBase"]
[SourceDate "2019.07.15"]
[SourceVersion "1"]
[SourceVersionDate "2019.07.15"]
[SourceQuality "1"]

1. c4 Nf6 2. g3 e5 3. Nc3 c6 4. d4 e4 5. Bg2 d5 6. cxd5 cxd5 7. Bg5 Bb4 8. Nh3 Nbd7 9. Qb3 Bxc3+ 10. bxc3 h6 11. Bxf6 Nxf6 12. 0-0 0-0 13. f3 exf3 14. exf3 Bxh3 15. Bxh3 Qc7 16. Rfe1 Rfe8 17. Kf2 h5 18. Rxe8+ Rxe8 19. Re1 Rxe1 20. Kxe1 h4 21. Kf2 g6 22. Bg2 g5 23. Qc2 Nh5 24. f4 gxf4 25. g4 f3 26. gxh5 Qxh2 27. Kf1 h3 0-1